<?xml version="1.0" encoding="UTF-8"?><?xml-stylesheet type="text/xsl" href="static/style.xsl"?><OAI-PMH xmlns="http://www.openarchives.org/OAI/2.0/" xmlns:xsi="http://www.w3.org/2001/XMLSchema-instance" xsi:schemaLocation="http://www.openarchives.org/OAI/2.0/ http://www.openarchives.org/OAI/2.0/OAI-PMH.xsd"><responseDate>2026-06-29T02:40:52Z</responseDate><request verb="GetRecord" identifier="oai:docta.ucm.es:20.500.14352/118739" metadataPrefix="marc">https://docta.ucm.es/rest/oai/request</request><GetRecord><record><header><identifier>oai:docta.ucm.es:20.500.14352/118739</identifier><datestamp>2025-03-18T14:21:05Z</datestamp><setSpec>com_20.500.14352_14</setSpec><setSpec>col_20.500.14352_15</setSpec></header><metadata><record xmlns="http://www.loc.gov/MARC21/slim" xmlns:dcterms="http://purl.org/dc/terms/" xmlns:xsi="http://www.w3.org/2001/XMLSchema-instance" xmlns:doc="http://www.lyncode.com/xoai" xsi:schemaLocation="http://www.loc.gov/MARC21/slim http://www.loc.gov/standards/marcxml/schema/MARC21slim.xsd">
   <leader>00925njm 22002777a 4500</leader>
   <datafield ind2=" " ind1=" " tag="042">
      <subfield code="a">dc</subfield>
   </datafield>
   <datafield ind2=" " ind1=" " tag="720">
      <subfield code="a">Miquel Juan, Matilde</subfield>
      <subfield code="e">author</subfield>
   </datafield>
   <datafield ind2=" " ind1=" " tag="260">
      <subfield code="c">2017-12-01</subfield>
   </datafield>
   <datafield ind2=" " ind1=" " tag="520">
      <subfield code="a">A través de este artículo se pretende examinar la funcionalidad y significado de la capilla de la santa Cruz de la Catedral de Toledo. En el análisis de la capilla de exequias toledana se evocaba el templo del Santo Sepulcro, al recordar los nombres dados a esta capilla: la capilla de la santa Cruz y la subterránea del santo Sepulcro. Esta sugerente hipótesis había quedado de alguna forma suspendida en el limbo por la complejidad del edificio y falta de datos documentales. Este estudio procura analizar la evolución cultual y formal de la cabecera de la catedral de Toledo primero dentro del ideario del arzobispo Jiménez de Rada, y después como capilla funeraria y de reliquias de la santa Cruz, contemplando su estructura, decoración pictórica y escultórica.</subfield>
   </datafield>
   <datafield ind1="8" ind2=" " tag="024">
      <subfield code="a">Miquel Juan, M. (2017). La Capilla Real de la Santa Cruz en la catedral de Toledo: Reliquias, evocaciones, uso y decoración. Anuario de estudios medievales, 47(2), 737-768. https://doi.org/10.3989/AEM.2017.47.2.09</subfield>
   </datafield>
   <datafield ind1="8" ind2=" " tag="024">
      <subfield code="a">0066-5061</subfield>
   </datafield>
   <datafield ind1="8" ind2=" " tag="024">
      <subfield code="a">10.3989/aem.2017.47.2.09</subfield>
   </datafield>
   <datafield ind1="8" ind2=" " tag="024">
      <subfield code="a">https://hdl.handle.net/20.500.14352/118739</subfield>
   </datafield>
   <datafield ind1="8" ind2=" " tag="024">
      <subfield code="a">1988-4230</subfield>
   </datafield>
   <datafield ind1="8" ind2=" " tag="024">
      <subfield code="a">https://estudiosmedievales.revistas.csic.es/index.php/estudiosmedievales</subfield>
   </datafield>
   <datafield ind1="8" ind2=" " tag="024">
      <subfield code="a">https://estudiosmedievales.revistas.csic.es/index.php/estudiosmedievales/article/view/861</subfield>
   </datafield>
   <datafield ind1="8" ind2=" " tag="024">
      <subfield code="a">https://doi.org/10.3989/aem.2017.47.2.09</subfield>
   </datafield>
   <datafield ind2="0" ind1="0" tag="245">
      <subfield code="a">“La Capilla Real de la Santa Cruz de la Catedral de Toledo. Reliquias, evocaciones, uso y decoración”</subfield>
   </datafield>
</record></metadata></record></GetRecord></OAI-PMH>